|
|
|
|
| LEADER |
00679nta a2200205 i 4500 |
| 001 |
dokt8938 |
| 005 |
20240320123217.0 |
| 008 |
240320s1960 hu om 0|| hun d |
| 040 |
|
|
|a SZTE Doktori Repozitórium
|b hun
|
| 041 |
|
|
|a hun
|
| 100 |
1 |
|
|a Mihálka György
|
| 245 |
1 |
2 |
|a A szegedi táj népzenéje
|h [elektronikus dokumentum] /
|c Mihálka György
|
| 260 |
|
|
|c 1960
|
| 502 |
|
|
|a Disszertacio
|
| 650 |
|
4 |
|a néprajz- és kultúrális tudományok
|
| 650 |
|
4 |
|a Társadalomtudományok
|
| 650 |
|
4 |
|a Antropológia, néprajz
|
| 695 |
|
|
|a Néprajz
|
| 700 |
0 |
1 |
|a Bálint Sándor
|e ths
|
| 856 |
4 |
0 |
|u https://doktori.bibl.u-szeged.hu/id/eprint/8938/1/1960_mihalka_gyorgy.pdf
|z Dokumentum-elérés
|